| 000 | 02239cam a22006374i 4500 | ||
|---|---|---|---|
| 003 | PE-LiUPU | ||
| 005 | 20250731170417.0 | ||
| 008 | 150623s1996 sp a rb 000 0 spa d | ||
| 020 | _a8477383111 | ||
| 020 | _a9788477383116 | ||
| 035 | _a(Sirsi) i9788477383116 | ||
| 040 |
_aPE-LiUPU _bspa _cPE-LiUPU _erda |
||
| 049 | _aPRUA | ||
| 082 | 0 | 4 |
_a150.008 _bS2 _221 |
| 245 | 0 | 0 |
_aEvaluación de programas : _buna guía práctica en ámbitos sociales, educativos y de salud. _n2 / _cEditor, Rocío Fernández Ballesteros. |
| 264 | 1 |
_aMadrid : _bSíntesis, _c1996. |
|
| 300 |
_a381 páginas : _bilustraciones ; _c23 centímetros. |
||
| 336 |
_atext _2rdacontent |
||
| 337 |
_aunmediated _2rdamedia |
||
| 338 |
_avolume _2rdacarrier |
||
| 490 | 0 |
_aSíntesis Psicología. Personalidad, Evaluación y Tratamiento Psicológico ; _v2 |
|
| 504 | _aBibliografía: páginas 353-381. | ||
| 505 | 0 | _aCuestiones conceptuales básicas en evaluación de programas -- el ciclo de intervención social y evaluación -- el proceso de e | |
| 526 | _aSEG68 | ||
| 526 | _aSEG70 | ||
| 526 | _aSEG69 | ||
| 526 | _aSEG67 | ||
| 526 | _aSEG43 | ||
| 526 | _aP144 | ||
| 526 | _aP143 | ||
| 526 | _aP131 | ||
| 526 | _aP122 | ||
| 526 | _aP120 | ||
| 526 | _aP117 | ||
| 526 | _aP112 | ||
| 526 | _aP110 | ||
| 526 | _aP106 | ||
| 526 | _aP101 | ||
| 526 | _aP80 | ||
| 526 | _aP59 | ||
| 526 | _aP54 | ||
| 526 | _aP35 | ||
| 526 | _aP33 | ||
| 526 | _aP30 | ||
| 650 | 0 | 4 | _aEVALUACION EDUCATIVA. |
| 650 | 0 | 4 |
_aPROGRAMAS EN SALUD _xEVALUACION. |
| 650 | 0 | 4 |
_aPROGRAMAS EN SERVICIO SOCIAL _xEVALUACION. |
| 700 | 1 |
_aFernández-Ballesteros, Rocío, _eeditor. |
|
| 910 |
_bksl _cksl _d20190524 |
||
| 942 |
_2ddc _cBOOK |
||
| 949 |
_a150.008 S 2 _wDEWEY _c1 _i46934 _d2016-3-31 _e2016-3-29 _lCCODEBUL1 _mBUL _n1 _r0 _sY _tBOOK _u2015-6-24 _xEDUCACION _zUNKNOWN _0COMPRA _o.STAFF. Colección Ciencias Humanas y Educación |
||
| 994 |
_aC0 _bPEPRU |
||
| 596 | _a1 | ||
| 999 |
_a150.008 S2 _wDEWEY _c23532 _i46934 _d23532 _e2016-3-29 _f2021-11-8 _g6 _lCCODEBUL1 _mBUL _n1 _p16.00 _r0 _sY _tBOOK _u2015-6-24 _xEDUCACION _zUNKNOWN _0COMPRA _o.STAFF. Colección Ciencias Humanas y Educación |
||
| 980 |
_81 _gALBERTO SANCHEZ Responsable de Automatización |
||